| Tag |
First Indicator |
Second Indicator |
Subfields |
| LEADER |
00000cam a22000001a 4500 |
| 001 |
in00003377968 |
| 006 |
m d f |
| 007 |
cr bn mmmapmmp |
| 008 |
100717s1998 dcu o f000 0 eng d |
| 005 |
20260430164813.9 |
| 035 |
|
|
|a cis2007892559
|
| 040 |
|
|
|a ProQuest
|c ProQuest
|d UtOrBLW
|
| 043 |
|
|
|a n-us---
|
| 099 |
|
|
|a CRS-1998-ENR-0059
|
| 110 |
2 |
|
|a Library of Congress.
|b Congressional Research Service.
|
| 245 |
1 |
0 |
|a Strategic Petroleum Reserve.
|
| 264 |
|
1 |
|a [Place of publication not identified] :
|b [publisher not identified],
|c 1998.
|
| 300 |
|
|
|a 1 online resource.
|
| 336 |
|
|
|a text
|b txt
|2 rdacontent
|
| 337 |
|
|
|a computer
|b c
|2 rdamedia
|
| 338 |
|
|
|a online resource
|b cr
|2 rdacarrier
|
| 500 |
|
|
|a Record is based on bibliographic data in ProQuest U.S. Congressional Research Digital Collection (last viewed July 2010). Reuse except for individual research requires license from ProQuest, LLC.
|
| 500 |
|
|
|a CRS Report.
|
| 520 |
|
|
|a Discusses rationale behind the Strategic Petroleum Reserve (SPR), and examines issues facing Congress, including crude oil purchases, drawdown of the reserve, sales of SPR oil, and reauthorization of the SPR. Includes chronology.
|
| 500 |
|
|
|a Electronic resource.
|
| 650 |
|
0 |
|a Chronology.
|
| 650 |
|
0 |
|a Revenue.
|
| 655 |
|
7 |
|a Electronic books.
|2 local
|
| 710 |
2 |
|
|a ProQuest (Firm)
|
| 776 |
0 |
8 |
|i Microfiche version:
|a Library of Congress. Congressional Research Service.
|t Strategic Petroleum Reserve
|
| 830 |
|
0 |
|a U.S. Congressional Research.
|
| 856 |
4 |
0 |
|u http://proxy.library.tamu.edu/login?url=https://congressional.proquest.com/congcomp/getdoc?CRDC-ID=CRS-1998-ENR-0059
|z Connect to the full text of this electronic book
|t 0
|
| 999 |
|
|
|a MARS
|
| 999 |
f |
f |
|s cf567df2-e50b-335d-971e-da5004843362
|i 74f047e3-358e-3429-b2bc-19127deeb40b
|t 0
|
| 952 |
f |
f |
|a Texas A&M University
|b College Station
|c Electronic Resources
|s www_evans
|d Available Online
|t 0
|e CRS-1998-ENR-0059
|h Other scheme
|
| 998 |
f |
f |
|a CRS-1998-ENR-0059
|t 0
|l Available Online
|